Rock Bands By Song #3 - Statistics

General Stats
  • This quiz has been taken 91 times
  • The average score is 7 of 15
Answer Stats
Song Band % Correct
Pour Some Sugar On Me Def Leppard
84%
Panama Van Halen
75%
It's My Life Bon Jovi
73%
Blitzkrieg Bop Ramones
66%
Tom Sawyer Rush
63%
Here I Go Again Whitesnake
57%
Brothers In Arms Dire Straits
52%
Down with the Sickness Disturbed
46%
Mary Jane's Last Dance Tom Petty and the Heartbreakers
43%
Cecilia Simon & Garfunkel
38%
Fear of the Dark Iron Maiden
34%
Keep on Lovin' You REO Speedwagon
33%
I'm Just a Kid Simple Plan
23%
I Will Not Bow Breaking Benjamin
16%
Check Yes Juliet We The Kings
14%
No matching quizzes found
Score Distribution
Percent of People with Each Score
Percentile by Number Answered
Your Score History
You have not taken this quiz